LEADER 00942nam a2200253 i 4500 001 000000159688 003 CaOOAMICUS 005 20181025120114.0 008 070301s1979 it u000 u ita u 013 $a137051 040 $aSeMil$bita 100 1 $aSaibene, Cesare.$0(OLS)http://semarc/name/6569 245 10$aClimi e paesaggi climatici /$cCesare Saibene. 250 $aRistampa. 260 $aMilano :$bVita e Pensiero,$c1979. 300 $a207 p., [1] c. di tav. ripiegata :$bill. ;$c24 cm. 490 0 $aCorsi universitari [Vita e pensiero] 830 0$aCorsi universitari.$0(OLS)http://semarc/title/419511 850 $aSeMil 852 $aSeMil$W1$xVenegono$y1$m4Y IV 147 =$j111245$B111245$CSeMilBibl$Z2$F122081 $81 961 $aOmaggio: Altro 996 $6245$aClimi e paesaggi climatici$9(OLS)http://semarc/title/141894 996 $6260$aMilano :$bVita e Pensiero$9(OLS)http://semarc/publisher/29642 LEADER 01327nam a2200277 4500 001 000000345381 003 CaOOAMICUS 005 20210414111123.0 008 210414s2016 it 000 u ita r 020 $a978-88-06-23045-6 040 $aSeMil$bita 100 1 $aTurkle, Sherry.$0(OLS)http://semarc/name/39468 240 10$aReclaiming conversation.$0(OLS)http://semarc/title/434516 245 13$aLa conversazione necessaria :$bla forza del dialogo nell'era digitale /$cSherry Turkle ; traduzione di Luigi Giacone. 264 1$aTorino :$bEinaudi,$c2016. 300 $a447 p. ;$c21 cm 490 1 $aPiccola biblioteca Einaudi. Nuova serie ;$v659 650 4$aComunicazione - Ruolo [di] Internet [e delle] Tecnologie.$0(OLS)http://semarc/subject/50263 700 1 $aGiacone, Luigi.$0(OLS)http://semarc/name/113507 830 0$aPiccola biblioteca Einaudi. Nuova serie ;$v659.$0(OLS)http://semarc/title/7479 850 $aSeMil 852 $aSeMil$W1$xVenegono$y1$m3N II 773$j225820$B236456$CSeMilBibl$Z2$F236456 $81 996 $6020$a978-88-06-23045-6$9(OLS)http://semarc/number/292898 996 $6245$aLa conversazione necessaria :$bla forza del dialogo nell'era digitale$9(OLS)http://semarc/title/434517 996 $6264$aTorino :$bEinaudi$9(OLS)http://semarc/publisher/29884